| 000 | nam a22 a 4500 | ||
|---|---|---|---|
| 999 |
_c1015 _d1015 |
||
| 003 | AKMAL | ||
| 005 | 20170508104524.0 | ||
| 008 | 170508s1996 my | e | 000 0 may d | ||
| 020 |
_a9830461246 (kkt.) : _cRM8.00 |
||
| 040 | _aAKMAL | ||
| 082 | 0 | 4 |
_a297.2 HAM _222 |
| 090 | 0 | 0 |
_a297.2 _bHAM |
| 100 | 0 |
_aHamka, _d1908-1981 _91638 |
|
| 245 | 1 | 0 |
_aIman & amal soleh / _cHamka |
| 246 | 3 | _aIman dan amal soleh | |
| 260 |
_aKuala Lumpur : _bDarul Nu'man, _c1996 |
||
| 300 |
_aiv, 182ms. ; _c21cm. |
||
| 500 | _aMengandungi ayat-ayat dari Quran | ||
| 500 | _aNama benar pengarang: Haji Abdul Malik Karim Amrullah | ||
| 650 | 1 | 0 |
_aIslam _xDoctrines _9894 |
| 650 | 2 | 0 |
_aReligious life _xIslam _9819 |
| 942 |
_2ddc _cBOOK |
||